Analýza vplyvu online marketingu na zvýšenie predajnosti v e-commerce bakalárska práca

Saved in:
Bibliographic Details
Main Author: Moravčík, Lukáš
Corporate Author: Fakulta hospodárskej informatiky EU. Katedra aplikovanej informatiky
Other Authors: Cárachová, Magdaléna
Format: Book
Language:Slovak
Published: Bratislava 2018
Tags: Add Tag
No Tags, Be the first to tag this record!

MARC

LEADER 00000nbm a2200000 4500
001 0245282
005 20181015110620.1
041 0 |a slo 
044 |a SK 
245 1 0 |a Analýza vplyvu online marketingu na zvýšenie predajnosti v e-commerce  |b bakalárska práca  |c Lukáš Moravčík ; školiteľ: Magdaléna Cárachová 
264 1 |a Bratislava  |c 2018 
300 |a 44 s. 
100 1 |a Moravčík, Lukáš 
700 1 |a Cárachová, Magdaléna 
710 2 |a Fakulta hospodárskej informatiky EU. Katedra aplikovanej informatiky